Building schools for the future (Record no. 106087)

MARC details
000 -LEADER
fixed length control field 01003cam a2200181 4500
001 - CONTROL NUMBER
control field ##L135526
008 - FIXED-LENGTH DATA ELEMENTS--GENERAL INFORMATION
fixed length control field 061106n 000 0 eng u
035 ## - SYSTEM CONTROL NUMBER
System control number (Sirsi) u135526
041 0# - LANGUAGE CODE
Language code of text/sound track or separate title eng
110 1# - MAIN ENTRY--CORPORATE NAME
Corporate name or jurisdiction name as entry element United Kingdom
Subordinate unit Department for Education and Skills
9 (RLIN) 5006
245 00 - TITLE STATEMENT
Title Building schools for the future
520 ## - SUMMARY, ETC.
Summary, etc. Website of government investment initiative to rebuild or renew all secondary schools in England over a 10-15 year period. Includes details of Building Schools for the Future (BSF) projects, BSF documents, news releases, and relevant web links. Also provides access to the BSF knowledge portal, available to local education authorities and their partners actively involved in a BSF project.
650 24 - SUBJECT ADDED ENTRY--TOPICAL TERM
Topical term or geographic name entry element DFES BUILDING SCHOOLS FOR THE FUTURE
651 #4 - SUBJECT ADDED ENTRY--GEOGRAPHIC NAME
Geographic name England
Chronological subdivision 886-
690 ## - LOCAL SUBJECT ADDED ENTRY--TOPICAL TERM (OCLC, RLIN)
Topical term or geographic name as entry element BUILT ENVIRONMENT-BUILDING TYPES-EDUCATIONAL, SCIENTIFIC AND INFORMATION FACILITIES
856 40 - ELECTRONIC LOCATION AND ACCESS
Uniform Resource Identifier <a href="https://www.bsf.gov.uk">https://www.bsf.gov.uk</a>
Public note View the website free of charge at www.bsf.gov.uk...
942 ## - ADDED ENTRY ELEMENTS (KOHA)
Suppress in OPAC 0
Holdings
Withdrawn status Lost status Source of classification or shelving scheme Damaged status Not for loan Home library Current library Shelving location Date acquired Total Checkouts Full call number Barcode Date last seen Copy number Price effective from Koha item type
    Dewey Decimal Classification     Virtual Virtual Online 06/11/2006   WEB SITE 135526-2001 06/08/2019 1 06/08/2019 Online material